<?xml version="1.0" encoding="UTF-8"?>
<record
    xmlns:xsi="http://www.w3.org/2001/XMLSchema-instance"
    xsi:schemaLocation="http://www.loc.gov/MARC21/slim http://www.loc.gov/standards/marcxml/schema/MARC21slim.xsd"
    xmlns="http://www.loc.gov/MARC21/slim">

  <leader>00982nam a2200205 a 4500</leader>
  <controlfield tag="003">DO-SdBNP</controlfield>
  <controlfield tag="005">20230221141054.0</controlfield>
  <controlfield tag="007">ta</controlfield>
  <controlfield tag="008">100830s2007                  000   spa d</controlfield>
  <datafield tag="040" ind1=" " ind2=" ">
    <subfield code="a">DO-SdBNP</subfield>
    <subfield code="b">spa</subfield>
    <subfield code="c">BNPHU</subfield>
  </datafield>
  <datafield tag="082" ind1=" " ind2="4">
    <subfield code="2">22</subfield>
  </datafield>
  <datafield tag="100" ind1="1" ind2=" ">
    <subfield code="a">Ortiz, Aulio,</subfield>
    <subfield code="d">1950-</subfield>
    <subfield code="9">77243</subfield>
  </datafield>
  <datafield tag="245" ind1="1" ind2="0">
    <subfield code="a">Leonel o Danilo: oportunidaes, fortalezas, tensiones y riesgos del PLD frente al reto del 2008 /</subfield>
    <subfield code="c">Aulio Ortiz.</subfield>
  </datafield>
  <datafield tag="260" ind1=" " ind2=" ">
    <subfield code="a">Santo Domingo : </subfield>
    <subfield code="b">[s. n.],</subfield>
    <subfield code="c">2007.</subfield>
  </datafield>
  <datafield tag="300" ind1=" " ind2=" ">
    <subfield code="a">159 p. ;</subfield>
    <subfield code="c">19 cm. </subfield>
  </datafield>
  <datafield tag="500" ind1=" " ind2=" ">
    <subfield code="a">Incluye datos biogr&#xE1;ficos del autor en las solapas.</subfield>
  </datafield>
  <datafield tag="505" ind1="0" ind2=" ">
    <subfield code="a">Comenzando por el final --</subfield>
    <subfield code="t">Pol&#xED;tica y matem&#xE1;ticas --</subfield>
    <subfield code="t">El discurso antireeleccionista --</subfield>
    <subfield code="t">Estrellas y cometas --</subfield>
    <subfield code="t">Estabilidad o inestabilidad --</subfield>
    <subfield code="t">La doctrina de Juan Bosch --</subfield>
    <subfield code="t">De Bosch a Leonel --</subfield>
    <subfield code="t">El nuevo partido tras el "Congreso Juan Bosch" --</subfield>
    <subfield code="t">De la abundancia del coraz&#xF3;n habla la boca "--</subfield>
    <subfield code="t">&#xBF;Leonel o Danilo? --</subfield>
    <subfield code="t">El PLD despu&#xE9;s de mayo.</subfield>
  </datafield>
  <datafield tag="590" ind1=" " ind2=" ">
    <subfield code="a">Inventariado, 2020 /LP</subfield>
  </datafield>
  <datafield tag="942" ind1=" " ind2=" ">
    <subfield code="2">ddc</subfield>
    <subfield code="c">LBS1</subfield>
  </datafield>
  <datafield tag="952" ind1=" " ind2=" ">
    <subfield code="0">0</subfield>
    <subfield code="1">0</subfield>
    <subfield code="2">ddc</subfield>
    <subfield code="5">1</subfield>
    <subfield code="7">0</subfield>
    <subfield code="8">PD</subfield>
    <subfield code="a">BNPHU</subfield>
    <subfield code="b">BNPHU</subfield>
    <subfield code="c">CT</subfield>
    <subfield code="d">2020-11-16</subfield>
    <subfield code="e">Donaci&#xF3;n</subfield>
    <subfield code="r">2020-11-16</subfield>
    <subfield code="w">2020-11-16</subfield>
    <subfield code="y">LBS1</subfield>
  </datafield>
  <datafield tag="952" ind1=" " ind2=" ">
    <subfield code="0">0</subfield>
    <subfield code="1">0</subfield>
    <subfield code="2">ddc</subfield>
    <subfield code="5">1</subfield>
    <subfield code="7">0</subfield>
    <subfield code="8">PD</subfield>
    <subfield code="a">BNPHU</subfield>
    <subfield code="b">BNPHU</subfield>
    <subfield code="c">CT</subfield>
    <subfield code="d">2023-02-21</subfield>
    <subfield code="e">Donaci&#xF3;n</subfield>
    <subfield code="l">0</subfield>
    <subfield code="p">2023-1047</subfield>
    <subfield code="r">2023-02-21</subfield>
    <subfield code="t">e.2</subfield>
    <subfield code="w">2023-02-21</subfield>
    <subfield code="y">LBS1</subfield>
  </datafield>
  <datafield tag="999" ind1=" " ind2=" ">
    <subfield code="c">20522</subfield>
    <subfield code="d">20522</subfield>
  </datafield>
</record>
